| 000 | 01190nam a2200229Ia 4500 | ||
|---|---|---|---|
| 003 | Ost | ||
| 005 | 20260507075347.0 | ||
| 008 | 260507s9999||||xx |||||||||||||| ||und|| | ||
| 020 | _a97822499759 | ||
| 040 | _cfsecg | ||
| 041 | _aara | ||
| 082 | _a330 | ||
| 100 |
_aنجم، عبود نجم _eمؤلف |
||
| 245 | 0 |
_aالقيادة وإدارة الإبتكار / _c عبود نجم نجم |
|
| 260 |
_aعمان: _bدار الصفاء للنشر والتوزيع, _c2011 |
||
| 300 |
_a512 صفحة؛ _bإيضاحات ؛ _c24 سم |
||
| 520 | _aمفاهيم القيادة- نظريات ومداخل القيادة- الإتجاهات الأساسية في القيادة- المدخل الى الإبتكار- العوامل المؤثرة في الإبتكار- الإبتكار الجذري(التحسين) - المخاطرة الإبتكارية في بيئة الأعمال المتغيرة- الإبتكار الإداري- تطورات في إدارة الإبتكار- الإبتكار علىالأنترنت- الذكاء والإبتكار البيئي | ||
| 653 | _aإدارة الأعمال | ||
| 653 | _aالإبداع | ||
| 653 | _aالقيادة | ||
| 942 | _cكتاب | ||
| 999 |
_c44117 _d44117 |
||